| 000 | 00344nam a22001337a 4500 | ||
|---|---|---|---|
| 005 | 20240819164741.0 | ||
| 008 | 240819b |||||||| |||| 00| 0 eng d | ||
| 020 | _a818942273-1 | ||
| 100 | _aARUNKUMAR R. | ||
| 245 | _aINNOVATIVE HORTICULTURE | ||
| 260 |
_aINDIA _bNEW INDIA PUBLISHING _c2008 |
||
| 500 | _aINCLUDES AN INDEX | ||
| 942 |
_2ddc _cBK |
||
| 999 |
_c211534 _d211534 |
||